| 000 | 00532nam a2200157 i 4500 | ||
|---|---|---|---|
| 001 | 104652 | ||
| 003 | ES-MaACL | ||
| 005 | 20230906183646.0 | ||
| 007 | t| | ||
| 008 | 051207m19581959sp ||||1| spa d | ||
| 110 | 1 |
_aEspaña. _bComisaría General de Protección Escolar y Asistencia Social. _93634 |
|
| 245 | 1 | 0 |
_aMemoria de los pensionados correspondientes... / _cMinisterio de Educación Nacional. |
| 260 |
_aMadrid : _b[s.n.], _c1958-59 ( _fGráf. Expres) |
||
| 300 |
_a3 v. ; _c24 cm. |
||
| 852 |
_aES-MaACL _jE-4052-4 _bR.50701 |
||
| 999 |
_c104652 _d104652 |
||